Normal view
MARC view
- Saleeb, Atef F.
Entry Personal Name
001 - CONTROL NUMBER
- control field: 20067
003 - CONTROL NUMBER IDENTIFIER
- control field: NUST
005 - DATE AND TIME OF LATEST TRANSACTION
- control field: 20190906061947.0
008 - FIXED-LENGTH DATA ELEMENTS
- fixed length control field: 190906|| aca||aabn | a|a d
040 ## - CATALOGING SOURCE
- Original cataloging agency: NUST
- Transcribing agency: NUST
100 ## - HEADING--PERSONAL NAME
- Personal name: Saleeb, Atef F.
- Fuller form of name: (Atef Fatthy),
- Dates associated with a name: 1952-
670 ## - SOURCE DATA FOUND
- Source citation: Work cat.: (NUST)0: Chen, Wai-Fah, 1936- 19840, Constitutive equations for engineering materials /, 1994.
